Statistics for National Football (soccer) team nicknames

Click here to take the quiz!

General Stats

  • This quiz has been taken 24 times
  • The average score is 26 of 41

Answer Stats

NicknameTeam% Correct
La Furia RojaSpain
95%
Les BleusFrance
95%
La AlbicelesteArgentina
95%
SocceroosAustralia
95%
The 3 LionsEngland
95%
Bafana BafanaSouth Africa
90%
Samurai BlueJapan
90%
El TriMexico
90%
Les ÉléphantsIvory Coast
90%
Super EaglesNigeria
85%
The PharaohsEgypt
85%
La RojaChile
85%
CanarinhoBrazil
80%
All WhitesNew Zealand
80%
AzzurriItaly
80%
OranjeNetherlands
80%
Los CharrúasUruguay
70%
Schweizer NatiSwitzerland
70%
Taeguk WarriorsSouth Korea
70%
Black StarsGhana
70%
Reggae BoyzJamaica
70%
Los TicosCosta Rica
70%
Los CafeterosColombia
65%
VatreniCroatia
65%
BlågultSweden
65%
Boys in GreenIreland
65%
Les Aigles de CarthageTunisia
60%
Les Diables RougesBelgium
60%
Les FennecsAlgeria
55%
Los CatrachosHonduras
55%
Indomitable LionsCameroon
50%
La VinotintoVenezuela
50%
La SelectaEl Salvador
35%
ChollimaNorth Korea
35%
Green FalconsSaudi Arabia
30%
ZmajeviBosnia
30%
Team MelliIran
25%
Los ChapinesGuatemala
20%
ChipolopoloZambia
20%
War ElephantsThailand
15%
Soca WarriorsTrinidad & Tobago
5%

Score Distribution

Percentile by Number Answered

Percent of People with Each Score

Your Score History

You have not taken this quiz